000 00759nam a2200205Ia 4500
001 15617
003 GE_BSU
008 181216s||||||||xx |||||||||||||| ||und||
040 _cGE_BSU
080 _a82-93:821.161.1-32
100 _aგაიდარი, არკადი
245 _aთემური და მისი რაზმი
245 _cთარგმ. ნიკოლოზ ჩაჩავასი. რედ. ქ. ქუჩუკაშვილი. მხატვ. ვ. ლადიაგინი
260 _aთბილისი
260 _bსაბლიტგამი
260 _c1955
300 _a88გვ. : ილ. ; 21სმ..
653 _aთემური და მისი რაზმი
942 _cBK
999 _c48717
_d48717